Finding common ground (Record no. 30065)

MARC details
000 -LEADER
fixed length control field 00467nam a2200193Ia 4500
020 ## - INTERNATIONAL STANDARD BOOK NUMBER
ISBN 0-673-98214-9
050 ## - CALL MARK
Classification number PE1408.C54368
100 ## - STATEMENT OF RESPONSIBILITY--MAIN AUTHOR NAME
Personal name Carolyn P. Collette
245 #0 - TITLE STATEMENT
Title Finding common ground
250 ## - EDITION / VOLUME STATEMENT
Edition / Volume statement 2nd ed.
260 ## - PUBLICATION, DISTRIBUTION, ETC. (IMPRINT)
Place of publication New York
260 ## - PUBLICATION, DISTRIBUTION, ETC. (IMPRINT)
Name of publisher Addison Wesley Publishing Company
260 ## - PUBLICATION, DISTRIBUTION, ETC. (IMPRINT)
Year of publication 1997
300 ## - PHYSICAL DESCRIPTION
Number of Pages 228 p
650 ## - SUBJECT ADDED ENTRY--TOPICAL TERM
Topical Term Discourse analysis
942 ## - ADDED ENTRY ELEMENTS (KOHA)
Koha item type Books
Holdings
Withdrawn status Lost status Source of classification or shelving scheme Damaged status Not for loan Permanent Location Current Location Date acquired Accession Number Price effective from Koha item type
    Library of Congress Classification     NILE UNIVERSITY OF NIGERIA - MAIN LIBRARY NILE UNIVERSITY OF NIGERIA - MAIN LIBRARY 04/23/2025 0005514 04/23/2025 Books